| 000 | 00606nam a2200205 4500 | ||
|---|---|---|---|
| 999 |
_c188883 _d188883 |
||
| 005 | 20220607112001.0 | ||
| 010 | _aENG-133068 | ||
| 020 |
_a9789386866042 _c800.00 |
||
| 035 | _aEN-116600 | ||
| 037 | _bDBAD/PUB | ||
| 082 | _a230.35 | ||
| 100 | _aPuri, J.R. | ||
| 245 |
_aTulsi Sahib: _bSaint of Hathras/ _cJ.R. Puri, V.K. Sethi and T.R. Shangari |
||
| 260 |
_aPunjab _bRadha Soami Satsang Beas _c2017 |
||
| 270 |
_aDera Baba Jaimal Singh _bPunjab _e143204 |
||
| 300 |
_axi, 348p. _c23cm (hbk) |
||
| 700 | _aSethi, V.K. | ||
| 700 | _aShangari, T.R. | ||
| 942 |
_2ddc _cEN _h230.35 _mPUR |
||